000 00697nam a22002417a 4500
003 BCEG
005 20260304160908.0
008 260304s1989 mx|||||| |||| 00| 0 spa d
020 _a968403041X
040 _aBCEG
_bspa
_cBCEG
082 0 4 _a306.01
_bL674a
100 1 _aLewis, John,
_d1889-1976.
245 1 _aAntropología simplificada.
260 _aMéxico :
_bCía. General de Ediciones,
_c1989.
300 _a157 p.
490 _aSelector. Simplificada.
500 _aIncluye glosario.
534 _pTítulo original :
_tAnthropology made simple.
541 _aDonación.
650 1 4 _aAntropología
_xEnseñanza.
700 1 _aEscalera, Manuel de la,
_d1895-1994,
_etr.
942 _cBK
999 _c437089
_d437089